00766cam a22002171 4500001001300000003000400013005001700017008004100034010001700075035001900092040003600111043001200147050002200159082001400181110006600195245015800261260004700419300004600466700001900512999001700531e 39000363 DLC20260227111228.0811223s1934 tnua s000 0 eng c ae 39000363  a(OCoLC)8018526 aU.S. off. of educ.cTMdTMdDLC an-us-tn00aQL684.T2bA5 1939 a598.297681 aTennessee.bDepartment of Conservation.bEducational Service.00aBirds of Tennessee in verse and story.cVerse and story by John L. Craig. Other materials by the staff, Educational service, Department of conservation. a[Nashville,bCullom & Ghertner co.,c1939] a76 p.billus. (part mounted col.)c23 cm.1 aCraig, John L. c21676d21676